00189nam a2200061Ia 4500245003200000100005400032008004100086 0aSeisoen van die soetdoring  a BIERMAN, Ettie Pretoria, 1992 Grootdrukuitg 210817s9999 xx 000 0 und d